000
00327nam a2200157Ia 4500
100
_a
Ostergaard/Eugene D
650
_a
Die making
942
_c
BK
654
_a
die making
245
_a
Basic die making
260
_b
McGraw Hill
_c
1963
082
_a
671.253/OST
_b
OST
300
_a
208
546
_a
ENGLISH
999
_c
24582
_d
24582